[Event "EU-ch (Women) 12th"]
[Site "Tbilisi"]
[Date "2011.05.16"]
[Round "9"]
[White "Fataliyeva, Ulviyya Hasil Qizi"]
[Black "Boyarchenko, Marie"]
[Result "1-0"]
[WhiteElo "2105"]
[BlackElo "1989"]
[PlyCount "83"]
[EventDate "2011.05.07"]
[EventType "swiss"]
[EventRounds "11"]
[EventCountry "GEO"]
[SourceTitle "CBM 142 Extra"]
[Source "ChessBase"]
[SourceDate "2011.06.27"]
[SourceVersion "1"]
[SourceVersionDate "2011.06.27"]
[SourceQuality "1"]

1. e4 e5 2. Nf3 Nc6 3. Nc3 Nf6 4. d4 exd4 5. Nxd4 Bb4 6. Nxc6 bxc6 7. Bd3 d5 8. exd5 cxd5 9. 0-0 0-0 10. Bg5 c6 11. Qf3 h6 12. Bf4 Be6 13. Ne2 Bd6 14. h3 c5 15. Rfd1 Re8 16. Bb5 Bd7 17. Bxd7 Qxd7 18. Ng3 Bxf4 19. Qxf4 Re6 20. Nf5 Rae8 21. Qg3 Nh5 22. Qg4 g6 23. Ne3 Nf6 24. Qf3 d4 25. c3 Qb5 26. cxd4 cxd4 27. Rxd4 Qxb2 28. Rad1 Qxa2 29. Rh4 h5 30. Rf4 Qb2 31. g4 R8e7 32. g5 Ne4 33. Nd5 Nxg5 34. Nxe7+ Rxe7 35. Qg3 Qe5 36. Kg2 Ne4 37. Qe3 Qg5+ 38. Kh2 Nc3 39. Rd8+ Kh7 40. Rxf7+ Rxf7 41. Qxg5 Rxf2+ 42. Kg1 1-0

[Event "EU-ch (Women) 12th"]
[Site "Tbilisi"]
[Date "2011.05.15"]
[Round "8"]
[White "Boyarchenko, Marie"]
[Black "Nikoladze, Sopio"]
[Result "0-1"]
[WhiteElo "1989"]
[BlackElo "2278"]
[PlyCount "94"]
[EventDate "2011.05.07"]
[EventType "swiss"]
[EventRounds "11"]
[EventCountry "GEO"]
[SourceTitle "CBM 142 Extra"]
[Source "ChessBase"]
[SourceDate "2011.06.27"]
[SourceVersion "1"]
[SourceVersionDate "2011.06.27"]
[SourceQuality "1"]

1. e4 e6 2. d4 b6 3. Nc3 Bb7 4. Nf3 Bb4 5. Bd3 Nf6 6. Qe2 d5 7. Bg5 h6 8. Bxf6 Qxf6 9. 0-0 0-0 10. e5 Qd8 11. Nd1 Qc8 12. c3 Be7 13. Bb1 Ba6 14. Qc2 g6 15. Re1 c5 16. Qd2 Kg7 17. Ne3 Nc6 18. Ng4 Rh8 19. h4 Qd8 20. a3 h5 21. Ne3 cxd4 22. cxd4 Bxh4 23. b4 Be7 24. Qb2 Bb7 25. Nc2 g5 26. a4 g4 27. Nd2 Bg5 28. Ne3 Qe7 29. b5 Na5 30. Ba2 Rac8 31. Rac1 f5 32. exf6+ Qxf6 33. Rxc8 Rxc8 34. Ndf1 Bf4 35. Qe2 Rf8 36. Bb1 Bd6 37. Qc2 Rf7 38. Ng3 Kf8 39. Nxh5 Qh4 40. Ng3 Bxg3 41. fxg3 Qxg3 42. Re2 Qf4 43. Qg6 g3 44. Qxe6 Re7 45. Qh3 Rxe3 46. Qh8+ Ke7 47. Qg7+ Kd8 0-1

[Event "EU-ch (Women) 12th"]
[Site "Tbilisi"]
[Date "2011.05.11"]
[Round "5"]
[White "Boyarchenko, Marie"]
[Black "Choladze, Mariam"]
[Result "1/2-1/2"]
[WhiteElo "1989"]
[BlackElo "1818"]
[PlyCount "70"]
[EventDate "2011.05.07"]
[EventType "swiss"]
[EventRounds "11"]
[EventCountry "GEO"]
[SourceTitle "CBM 142 Extra"]
[Source "ChessBase"]
[SourceDate "2011.06.27"]
[SourceVersion "1"]
[SourceVersionDate "2011.06.27"]
[SourceQuality "1"]

1. e4 c5 2. Nf3 d6 3. c3 Nf6 4. h3 Nc6 5. Bd3 g6 6. 0-0 Bg7 7. Bc2 0-0 8. d4 Nd7 9. Re1 Qc7 10. d5 Nce5 11. Nbd2 b5 12. Nxe5 Nxe5 13. f4 Nd7 14. Qg4 c4 15. Nf3 b4 16. Qh4 bxc3 17. bxc3 Nc5 18. Be3 Rb8 19. Reb1 Bd7 20. Bd4 Ba4 21. Bxa4 Nxa4 22. Bxg7 Kxg7 23. Rxb8 Rxb8 24. Ng5 h6 25. Nxf7 Kxf7 26. Qxh6 Qc5+ 27. Kh1 Qc7 28. f5 gxf5 29. Qe6+ Kf8 30. Qh6+ Kf7 31. Qh7+ Kf6 32. Qh6+ Ke5 33. Qe6+ Kf4 34. Qxf5+ Ke3 35. Qg5+ Kxe4 1/2-1/2

[Event "EU-Cup 26th"]
[Site "Plovdiv"]
[Date "2010.10.21"]
[Round "5.6"]
[White "Boyarchenko, Marie"]
[Black "Agrest, Inna"]
[Result "0-1"]
[WhiteElo "2028"]
[BlackElo "2161"]
[PlyCount "92"]
[EventDate "2010.10.17"]
[EventType "team-swiss"]
[EventRounds "7"]
[EventCountry "BUL"]
[SourceTitle "CBM 139"]
[Source "ChessBase"]
[SourceDate "2010.11.18"]
[SourceVersion "1"]
[SourceVersionDate "2010.11.18"]
[SourceQuality "1"]
[WhiteTeam "Differdange"]
[BlackTeam "Stockholm Viking"]
[WhiteTeamCountry "LUX"]
[BlackTeamCountry "SWE"]

1. e4 e5 2. Nf3 Nc6 3. Bb5 a6 4. Ba4 Nf6 5. 0-0 b5 6. Bb3 Bc5 7. Qe2 d6 8. d3 Bg4 9. c3 0-0 10. h3 Bh5 11. Bg5 Rb8 12. Nbd2 h6 13. Bh4 Qe7 14. Rfd1 Nd8 15. Nf1 Ne6 16. Ne3 Nf4 17. Qf1 Bxf3 18. gxf3 Bxe3 19. fxe3 Ng6 20. Bf2 Nh7 21. Qg2 Qf6 22. Kf1 Rb6 23. Ke2 c5 24. Bd5 c4 25. Rg1 Kh8 26. Rad1 b4 27. Bxc4 bxc3 28. b3 d5 29. exd5 Qe7 30. Be1 Re8 31. Bxc3 Ng5 32. Qg4 Rf6 33. Rg3 Rf4 34. exf4 exf4+ 35. Kd2 fxg3 36. Qxg3 Qe3+ 37. Kc2 Nxf3 38. Qg2 Nd4+ 39. Kb1 Nb5 40. Kb2 Nxc3 41. Kxc3 Nf4 42. Qd2 Ne2+ 43. Kc2 Nd4+ 44. Kc1 Qg3 45. Rf1 Re2 46. Qb4 Qg2 0-1

[Event "EU-ch (Women) 11th"]
[Site "Rijeka"]
[Date "2010.03.17"]
[Round "11"]
[White "Boyarchenko, Marie"]
[Black "Paulet, Iozefina"]
[Result "0-1"]
[WhiteElo "2009"]
[BlackElo "2303"]
[PlyCount "52"]
[EventDate "2010.03.06"]
[EventType "swiss"]
[EventRounds "11"]
[EventCountry "CRO"]
[SourceTitle "CBM 135 Extra"]
[Source "ChessBase"]
[SourceDate "2010.05.04"]
[SourceVersion "1"]
[SourceVersionDate "2010.05.04"]
[SourceQuality "1"]

1. e4 c5 2. b3 Nf6 3. Nc3 d6 4. Bb5+ Bd7 5. Bxd7+ Qxd7 6. Nf3 Nc6 7. Bb2 e6 8. 0-0 Be7 9. d3 0-0 10. Ne2 d5 11. e5 Ne8 12. Ng3 b5 13. Qe2 a5 14. a4 Nc7 15. axb5 Nxb5 16. Rfd1 Ncd4 17. Nxd4 cxd4 18. Qg4 Qc7 19. Re1 Qxc2 20. Nh5 g6 21. Bc1 Qxd3 22. Bh6 Rfc8 23. Nf4 Qf5 24. Qe2 Nc3 25. Qf3 g5 26. Nh3 Qg6 0-1

[Event "EU-ch (Women) 11th"]
[Site "Rijeka"]
[Date "2010.03.09"]
[Round "4"]
[White "Schut, Lisa"]
[Black "Boyarchenko, Marie"]
[Result "1-0"]
[WhiteElo "2224"]
[BlackElo "2009"]
[PlyCount "73"]
[EventDate "2010.03.06"]
[EventType "swiss"]
[EventRounds "11"]
[EventCountry "CRO"]
[SourceTitle "CBM 135 Extra"]
[Source "ChessBase"]
[SourceDate "2010.05.04"]
[SourceVersion "1"]
[SourceVersionDate "2010.05.04"]
[SourceQuality "1"]

1. e4 c5 2. Nf3 d6 3. d4 cxd4 4. Nxd4 Nf6 5. Nc3 Nc6 6. Bg5 Bd7 7. Qd2 Qa5 8. f4 Rc8 9. Nb3 Qb4 10. a3 Qb6 11. Bxf6 gxf6 12. Nd5 Qd8 13. Bd3 Bg7 14. 0-0 h5 15. Rae1 e6 16. Ne3 Qb6 17. Kh1 Nd4 18. Nc4 Nxb3 19. cxb3 Qd4 20. e5 fxe5 21. fxe5 Rxc4 22. bxc4 Bxe5 23. b4 Bc6 24. b5 Bxg2+ 25. Kxg2 Rg8+ 26. Kh1 Rg4 27. Qe3 Qb2 28. Qf2 Qxf2 29. Rxf2 Rd4 30. Rf3 f5 31. c5 Kd7 32. cxd6 Bxd6 33. Be2 Rh4 34. h3 Re4 35. Rd3 Ke7 36. Red1 Bc5 37. Bxh5 1-0

[Event "EU-ch (Women) 11th"]
[Site "Rijeka"]
[Date "2010.03.08"]
[Round "3"]
[White "Boyarchenko, Marie"]
[Black "Vasilevich, Tatjana"]
[Result "0-1"]
[WhiteElo "2009"]
[BlackElo "2414"]
[PlyCount "76"]
[EventDate "2010.03.06"]
[EventType "swiss"]
[EventRounds "11"]
[EventCountry "CRO"]
[SourceTitle "CBM 135 Extra"]
[Source "ChessBase"]
[SourceDate "2010.05.04"]
[SourceVersion "1"]
[SourceVersionDate "2010.05.04"]
[SourceQuality "1"]

1. e4 c5 2. b3 Nc6 3. Bb2 e5 4. Bc4 g6 5. Nc3 Bg7 6. Nge2 Nge7 7. 0-0 0-0 8. d3 d6 9. Qd2 Be6 10. f4 Qd7 11. Rae1 Rae8 12. Kh1 Kh8 13. Qc1 a6 14. a4 f5 15. Bxe6 Qxe6 16. exf5 gxf5 17. Ng3 Qg6 18. Qd1 Nd4 19. Nce2 Nd5 20. Nxd4 cxd4 21. Qf3 Ne3 22. Rf2 e4 23. dxe4 fxe4 24. Qh5 Ng4 25. Rff1 e3 26. Qxg6 hxg6 27. Ne2 Nf2+ 28. Kg1 Re4 29. g3 Rc8 30. Rc1 Rc6 31. Kg2 d5 32. Kf3 Kg8 33. Ba1 Kf7 34. Ng1 Bf6 35. Ke2 Rxc2+ 36. Kf3 d3 37. Bxf6 Rxc1 38. Rxc1 Kxf6 0-1

[Event "Porto San Giorgio op-A 21st"]
[Site "Porto San Giorgio"]
[Date "2009.08.27"]
[Round "7"]
[White "Boyarchenko, Marie"]
[Black "Fierro Baquero, Martha Lorena"]
[Result "1/2-1/2"]
[WhiteElo "2028"]
[BlackElo "2394"]
[PlyCount "32"]
[EventDate "2009.08.21"]
[EventType "swiss"]
[EventRounds "9"]
[EventCountry "ITA"]
[SourceTitle "CBM 131 Extra"]
[Source "ChessBase"]
[SourceDate "2009.09.03"]
[SourceVersion "2"]
[SourceVersionDate "2009.09.16"]
[SourceQuality "1"]

1. d4 g6 2. c4 Bg7 3. Nf3 d6 4. Nc3 Nf6 5. e4 0-0 6. Be2 e5 7. 0-0 Nc6 8. Be3 exd4 9. Nxd4 Re8 10. f3 Nh5 11. Qd2 f5 12. exf5 Rxe3 13. Nxc6 Qe8 14. Nd4 gxf5 15. f4 Nf6 16. Rae1 Re7 1/2-1/2

[Event "Dresden ZMD op"]
[Site "Dresden"]
[Date "2009.08.02"]
[Round "9"]
[White "Boyarchenko, Marie"]
[Black "Horvath, Peter"]
[Result "0-1"]
[WhiteElo "2028"]
[BlackElo "2439"]
[PlyCount "72"]
[EventDate "2009.07.25"]
[EventType "swiss"]
[EventRounds "9"]
[EventCountry "GER"]
[SourceTitle "CBM 131 Extra"]
[Source "ChessBase"]
[SourceDate "2009.09.03"]
[SourceVersion "2"]
[SourceVersionDate "2009.09.16"]
[SourceQuality "1"]

1. e4 c5 2. Nf3 Nc6 3. Bb5 g6 4. Bxc6 dxc6 5. d3 Bg7 6. h3 Nf6 7. Nc3 Nd7 8. Be3 e5 9. Qd2 h6 10. 0-0 Qe7 11. Nh2 Nf8 12. Ne2 Ne6 13. Rae1 g5 14. Ng3 b6 15. Nf5 Qc7 16. Qc3 f6 17. a4 a5 18. Nf3 0-0 19. Nd2 Kh7 20. g4 h5 21. f3 Nd4 22. Kg2 Be6 23. b3 Rh8 24. Nxg7 Kxg7 25. Rh1 Rad8 26. Nc4 Rh7 27. Nd2 Rdh8 28. Bf2 Qd7 29. Bxd4 cxd4 30. Qa1 hxg4 31. fxg4 Bxg4 32. h4 Rxh4 33. Rxh4 Rxh4 34. Rh1 Bh3+ 35. Kf2 Qg4 36. Qg1 Qf4+ 0-1

[Event "Dresden ZMD op"]
[Site "Dresden"]
[Date "2009.07.29"]
[Round "5"]
[White "Boyarchenko, Marie"]
[Black "Genova, Liubka"]
[Result "0-1"]
[WhiteElo "2028"]
[BlackElo "2209"]
[PlyCount "66"]
[EventDate "2009.07.25"]
[EventType "swiss"]
[EventRounds "9"]
[EventCountry "GER"]
[SourceTitle "CBM 131 Extra"]
[Source "ChessBase"]
[SourceDate "2009.09.03"]
[SourceVersion "2"]
[SourceVersionDate "2009.09.16"]
[SourceQuality "1"]

1. e4 c5 2. Nf3 e6 3. d4 cxd4 4. Nxd4 Nc6 5. Nc3 a6 6. Be2 Qc7 7. 0-0 Nf6 8. Kh1 Nxd4 9. Qxd4 Bc5 10. Qd3 b5 11. a3 Bb7 12. f4 h5 13. Bf3 Ng4 14. Qe2 d6 15. Nd1 Rc8 16. Bd2 Qe7 17. Be1 g5 18. Bxg4 hxg4 19. Bg3 Bd4 20. c3 Bb6 21. Nf2 Rc4 22. fxg5 Qxg5 23. Rae1 Ke7 24. Qd3 e5 25. b3 Rc7 26. Nd1 Rhc8 27. Rf5 Qh6 28. Ref1 Qg6 29. Bh4+ Ke8 30. Bg3 Rd7 31. Bh4 Qh7 32. Bg3 Rdc7 33. Rf6 Qxe4 0-1

[Event "Dresden ZMD op"]
[Site "Dresden"]
[Date "2009.07.27"]
[Round "3"]
[White "Boyarchenko, Marie"]
[Black "Womacka, Mathias"]
[Result "1-0"]
[WhiteElo "2028"]
[BlackElo "2436"]
[PlyCount "52"]
[EventDate "2009.07.25"]
[EventType "swiss"]
[EventRounds "9"]
[EventCountry "GER"]
[SourceTitle "CBM 131 Extra"]
[Source "ChessBase"]
[SourceDate "2009.09.03"]
[SourceVersion "2"]
[SourceVersionDate "2009.09.16"]
[SourceQuality "1"]

1. d4 d6 2. Nf3 Nf6 3. c4 Nbd7 4. Nc3 e5 5. e4 Be7 6. Be2 0-0 7. 0-0 c6 8. Qc2 b6 9. Rd1 Qc7 10. Bg5 h6 11. Be3 b5 12. a3 Bb7 13. Rac1 Rac8 14. Nh4 Rfe8 15. Nf5 Bf8 16. cxb5 cxb5 17. Qb1 Qb8 18. d5 Kh7 19. f3 g6 20. Ng3 h5 21. a4 bxa4 22. Nxa4 Bh6 23. Qd3 Bxe3+ 24. Qxe3 Rxc1 25. Rxc1 Rc8 26. Ra1 Qc7 1-0

[Event "Leiden LCT op 3rd"]
[Site "Leiden"]
[Date "2009.07.10"]
[Round "1"]
[White "Slingerland, Fred"]
[Black "Boyarchenko, Marie"]
[Result "1-0"]
[WhiteElo "2406"]
[BlackElo "2028"]
[PlyCount "51"]
[EventDate "2009.07.10"]
[EventType "swiss"]
[EventRounds "9"]
[EventCountry "NED"]
[SourceTitle "CBM 131 Extra"]
[Source "ChessBase"]
[SourceDate "2009.09.03"]
[SourceVersion "2"]
[SourceVersionDate "2009.09.16"]
[SourceQuality "1"]

1. e4 c5 2. Nf3 e6 3. d4 cxd4 4. Nxd4 a6 5. Be2 Qc7 6. 0-0 Nf6 7. Nc3 d6 8. f4 Be7 9. Kh1 Bd7 10. Be3 Nc6 11. Qe1 b5 12. a3 g6 13. Qg3 h5 14. Bf3 Ng4 15. Bg1 Nf6 16. Nxc6 h4 17. Qe1 Bxc6 18. Bd4 e5 19. fxe5 dxe5 20. Be3 Nh5 21. Kg1 Rd8 22. Qf2 Rd6 23. Bxh5 gxh5 24. Qxf7+ Kd8 25. Rad1 Be8 26. Qg7 1-0

[Event "Kaupthing op"]
[Site "Differdange"]
[Date "2008.05.10"]
[Round "3"]
[White "Boyarchenko, Marie"]
[Black "Grover, Sahaj"]
[Result "0-1"]
[WhiteElo "1877"]
[BlackElo "2300"]
[PlyCount "54"]
[EventDate "2008.05.10"]
[EventType "swiss"]
[EventRounds "9"]
[EventCountry "LUX"]
[SourceTitle "CBM 124 Extra"]
[Source "ChessBase"]
[SourceDate "2008.07.03"]
[SourceVersion "1"]
[SourceVersionDate "2008.07.03"]
[SourceQuality "1"]

1. e4 c5 2. Nf3 d6 3. d4 cxd4 4. Nxd4 Nf6 5. Nc3 a6 6. Be3 e5 7. Nb3 Be6 8. Nd5 Bxd5 9. exd5 Nbd7 10. Be2 Be7 11. Qd3 0-0 12. g4 Nc5 13. Nxc5 dxc5 14. 0-0-0 Qd6 15. g5 Nd7 16. h4 f5 17. gxf6 Nxf6 18. Rhg1 Kh8 19. Bf3 b5 20. c4 Rab8 21. Kb1 e4 22. Bxe4 bxc4 23. Qc2 Nxe4 24. Qxe4 Bf6 25. Bc1 Bxb2 26. f3 Qf6 27. Kc2 Qc3+ 0-1

[Event "Kaupthing op"]
[Site "Differdange"]
[Date "2008.05.10"]
[Round "1"]
[White "Boyarchenko, Marie"]
[Black "Johannesson, Ingvar Thor"]
[Result "0-1"]
[WhiteElo "1877"]
[BlackElo "2344"]
[PlyCount "58"]
[EventDate "2008.05.10"]
[EventType "swiss"]
[EventRounds "9"]
[EventCountry "LUX"]
[SourceTitle "CBM 124 Extra"]
[Source "ChessBase"]
[SourceDate "2008.07.03"]
[SourceVersion "1"]
[SourceVersionDate "2008.07.03"]
[SourceQuality "1"]

1. e4 g6 2. d4 Bg7 3. Be3 d6 4. Nc3 a6 5. Qd2 Nd7 6. Nge2 b5 7. a3 Bb7 8. f3 c6 9. g3 Qc7 10. Bg2 h5 11. h4 c5 12. Rd1 cxd4 13. Bxd4 Ngf6 14. 0-0 Nb6 15. b3 Rc8 16. Bh3 Rd8 17. Qe3 Nbd7 18. Bxd7+ Rxd7 19. e5 dxe5 20. Bxe5 Qd8 21. Rxd7 Qxd7 22. Rd1 Qc8 23. Bd6 0-0 24. Bb4 Qf5 25. Nd4 Qh3 26. Qf2 Ng4 27. Qe1 Bxd4+ 28. Rxd4 Bxf3 29. Rxg4 Qg2# 0-1

[Event "Kaupthing op"]
[Site "Differdange"]
[Date "2008.05.10"]
[Round "7"]
[White "Boyarchenko, Marie"]
[Black "Schweitzer, Viktoriya"]
[Result "0-1"]
[WhiteElo "1877"]
[BlackElo "2218"]
[PlyCount "100"]
[EventDate "2008.05.10"]
[EventType "swiss"]
[EventRounds "9"]
[EventCountry "LUX"]
[SourceTitle "CBM 124 Extra"]
[Source "ChessBase"]
[SourceDate "2008.07.03"]
[SourceVersion "1"]
[SourceVersionDate "2008.07.03"]
[SourceQuality "1"]

1. e4 g6 2. d4 c6 3. Nc3 Bg7 4. Nf3 d5 5. h3 dxe4 6. Nxe4 Nd7 7. Bd3 Ngf6 8. c3 Nxe4 9. Bxe4 Nf6 10. Bc2 0-0 11. 0-0 Qc7 12. Re1 Be6 13. Bd2 Rad8 14. Qc1 c5 15. Bf4 Qc6 16. Bb3 c4 17. Bd1 Rfe8 18. a4 Qc8 19. a5 Bd7 20. Ne5 Bb5 21. Bf3 Nd7 22. Bg4 e6 23. h4 Bc6 24. h5 Nxe5 25. Bxe5 f6 26. Bg3 g5 27. Be2 Bd5 28. Bf1 Qd7 29. Qc2 Bf8 30. Qd1 Bd6 31. Bxd6 Qxd6 32. Ra4 Rc8 33. h6 Qf8 34. Qh5 Qf7 35. Qh2 Rc6 36. Re3 Rec8 37. Rg3 Qc7 38. f4 Qxf4 39. Rb4 b6 40. axb6 Rxb6 41. Rxb6 axb6 42. Qh3 Ra8 43. Rg4 Qf5 44. Qh5 Qg6 45. Qh2 f5 46. Rg3 Ra1 47. Re3 f4 48. Re5 Kf7 49. g3 Qd3 50. Qf2 Rxf1+ 0-1

[Event "EU-ch (Women) 9th"]
[Site "Plovdiv"]
[Date "2008.05.01"]
[Round "10"]
[White "De Rosa, Mariagrazia"]
[Black "Boyarchenko, Marie"]
[Result "1-0"]
[WhiteElo "2094"]
[BlackElo "1877"]
[PlyCount "97"]
[EventDate "2008.04.21"]
[EventType "swiss"]
[EventRounds "11"]
[EventCountry "BUL"]
[SourceTitle "CBM 123 Extra"]
[Source "ChessBase"]
[SourceDate "2008.05.06"]
[SourceVersion "1"]
[SourceVersionDate "2008.05.06"]
[SourceQuality "1"]

1. e4 c5 2. Nf3 e6 3. d4 cxd4 4. Nxd4 a6 5. Bd3 Bc5 6. Nb3 Ba7 7. 0-0 Ne7 8. c4 d6 9. Qe2 Nbc6 10. Be3 e5 11. N1d2 Be6 12. Rac1 0-0 13. Rfd1 Bxe3 14. Qxe3 b6 15. Qe2 Ng6 16. g3 Qg5 17. Qe3 Qxe3 18. fxe3 Rfd8 19. a3 Nf8 20. Be2 a5 21. Na1 Nd7 22. Nb1 Nc5 23. Nc3 Kf8 24. b3 Rd7 25. Rd2 f6 26. Rb1 Bf7 27. Bd1 Ke8 28. Bg4 Rdd8 29. Rbd1 Ke7 30. Be2 h5 31. h4 Rd7 32. Kg2 Rb8 33. Kf3 Be6 34. Kg2 Bf7 35. b4 axb4 36. Nd5+ Kf8 37. Nxb4 Nxb4 38. axb4 Nxe4 39. Rc2 Rc8 40. Bd3 d5 41. Bxe4 dxe4 42. Rxd7 Bxc4 43. Rb7 f5 44. Rxb6 f4 45. gxf4 exf4 46. Kf2 f3 47. Rd6 Ra8 48. Rxc4 Rxa1 49. Rxe4 1-0

[Event "EU-ch (Women) 9th"]
[Site "Plovdiv"]
[Date "2008.04.30"]
[Round "9"]
[White "Boyarchenko, Marie"]
[Black "Makka, Ioulia"]
[Result "0-1"]
[WhiteElo "1877"]
[BlackElo "2204"]
[PlyCount "76"]
[EventDate "2008.04.21"]
[EventType "swiss"]
[EventRounds "11"]
[EventCountry "BUL"]
[SourceTitle "CBM 123 Extra"]
[Source "ChessBase"]
[SourceDate "2008.05.06"]
[SourceVersion "1"]
[SourceVersionDate "2008.05.06"]
[SourceQuality "1"]

1. e4 e6 2. d4 d5 3. exd5 exd5 4. Bd3 Nc6 5. c3 Bd6 6. Qf3 Nce7 7. Ne2 h5 8. h3 h4 9. Bf4 Be6 10. Nd2 f6 11. Bxd6 Qxd6 12. Nb3 0-0-0 13. 0-0-0 Kb8 14. Rhe1 Bc8 15. Nf4 g5 16. Ng6 Nxg6 17. Bxg6 Nh6 18. Bc2 g4 19. Qe3 gxh3 20. gxh3 Nf7 21. f4 Rdg8 22. Rg1 Re8 23. Qf3 Nh6 24. Nd2 Nf5 25. Nf1 Bd7 26. Kd2 Re7 27. Re1 Rxe1 28. Kxe1 Re8+ 29. Kd2 a5 30. Bd3 c5 31. dxc5 Qxc5 32. Rg2 d4 33. Re2 dxc3+ 34. bxc3 Rd8 35. Ne3 Bb5 36. c4 Qb4+ 37. Kc1 Qa3+ 38. Kc2 Nd4+ 0-1

[Event "EU-ch (Women) 9th"]
[Site "Plovdiv"]
[Date "2008.04.26"]
[Round "6"]
[White "Coimbra, Margarida Goncalves"]
[Black "Boyarchenko, Marie"]
[Result "1/2-1/2"]
[WhiteElo "2120"]
[BlackElo "1877"]
[PlyCount "73"]
[EventDate "2008.04.21"]
[EventType "swiss"]
[EventRounds "11"]
[EventCountry "BUL"]
[SourceTitle "CBM 123 Extra"]
[Source "ChessBase"]
[SourceDate "2008.05.06"]
[SourceVersion "1"]
[SourceVersionDate "2008.05.06"]
[SourceQuality "1"]

1. e4 c5 2. Nc3 e6 3. Nf3 a6 4. g3 b5 5. Bg2 Bb7 6. d3 Nc6 7. Ng5 Nf6 8. f4 h6 9. Nf3 d5 10. exd5 exd5 11. 0-0 Be7 12. Ne5 Qd6 13. Re1 0-0 14. Qf3 Nd4 15. Qf2 b4 16. Nd1 Rfe8 17. Ne3 Bf8 18. c3 bxc3 19. bxc3 Ne6 20. Rb1 Rab8 21. Nf5 Qc7 22. Re2 d4 23. Rxb7 Rxb7 24. Bxb7 Qxb7 25. Rb2 Qc8 26. c4 Nd8 27. Nh4 Nc6 28. Nhf3 Nxe5 29. Nxe5 Ng4 30. Nxg4 Qxg4 31. Qf1 h5 32. Kf2 h4 33. Re2 Rb8 34. Rb2 Re8 35. Re2 hxg3+ 36. hxg3 Rb8 37. Rb2 1/2-1/2

[Event "EU-ch (Women) 9th"]
[Site "Plovdiv"]
[Date "2008.04.21"]
[Round "1"]
[White "Juergens, Vera"]
[Black "Boyarchenko, Marie"]
[Result "1-0"]
[WhiteElo "2302"]
[BlackElo "1877"]
[PlyCount "43"]
[EventDate "2008.04.21"]
[EventType "swiss"]
[EventRounds "11"]
[EventCountry "BUL"]
[SourceTitle "CBM 123 Extra"]
[Source "ChessBase"]
[SourceDate "2008.05.06"]
[SourceVersion "1"]
[SourceVersionDate "2008.05.06"]
[SourceQuality "1"]

1. d4 d5 2. c4 c6 3. cxd5 cxd5 4. Nc3 Nc6 5. Bf4 a6 6. e3 e6 7. Bd3 Nf6 8. Rc1 Be7 9. h3 Bd7 10. Nf3 b5 11. 0-0 Qb6 12. Ne5 Na5 13. Nxd7 Nxd7 14. Nxd5 exd5 15. Bc7 Qb7 16. Bxa5 Rc8 17. Rxc8+ Qxc8 18. Qd2 0-0 19. Rc1 Qe8 20. Qc2 g6 21. Qc6 Nf6 22. Qxa6 1-0

[Event "Wch U18 Girls"]
[Site "Kemer"]
[Date "2007.11.28"]
[Round "11"]
[White "Boyarchenko, Marie"]
[Black "Kruljac, Petra"]
[Result "0-1"]
[WhiteElo "1794"]
[BlackElo "2057"]
[PlyCount "96"]
[EventDate "2007.11.18"]
[EventType "swiss"]
[EventRounds "11"]
[EventCountry "TUR"]
[SourceTitle "CBM 121 Extra"]
[Source "ChessBase"]
[SourceDate "2008.01.10"]
[SourceVersion "1"]
[SourceVersionDate "2008.01.10"]
[SourceQuality "1"]

1. e4 e6 2. d3 d5 3. Nd2 Nf6 4. c3 b6 5. e5 Nfd7 6. d4 c5 7. Ngf3 Ba6 8. a3 Be7 9. h4 Bxf1 10. Nxf1 cxd4 11. cxd4 Nc6 12. Be3 Na5 13. Ng3 Nc4 14. Bc1 b5 15. b3 Na5 16. Rh3 h6 17. Nh5 g6 18. Nf4 Rc8 19. Bd2 Rc6 20. Rc1 Bxa3 21. Rxc6 Nxc6 22. Qc2 Nb4 23. Bxb4 Bxb4+ 24. Kf1 Rg8 25. h5 g5 26. Qh7 Rf8 27. Ng6 g4 28. Rg3 Qa5 29. Kg1 gxf3 30. Nxf8 Nxf8 31. Qxh6 Bd2 32. Qf6 Qa1+ 33. Kh2 fxg2 34. Kxg2 Qxd4 35. Rg7 Qf4 36. Rxf7 Qxf6 37. Rxf6 a5 38. Rf3 d4 39. Rd3 Bc3 40. Rd1 Kf7 41. Kf3 Nd7 42. Ke2 a4 43. bxa4 bxa4 44. Rg1 Nxe5 45. f4 a3 46. h6 Ng6 47. h7 a2 48. Rxg6 Kxg6 0-1

[Event "Wch U18 Girls"]
[Site "Kemer"]
[Date "2007.11.27"]
[Round "10"]
[White "Manelidou, Maria"]
[Black "Boyarchenko, Marie"]
[Result "0-1"]
[WhiteElo "1933"]
[BlackElo "1794"]
[PlyCount "85"]
[EventDate "2007.11.18"]
[EventType "swiss"]
[EventRounds "11"]
[EventCountry "TUR"]
[SourceTitle "CBM 121 Extra"]
[Source "ChessBase"]
[SourceDate "2008.01.10"]
[SourceVersion "1"]
[SourceVersionDate "2008.01.10"]
[SourceQuality "1"]

1. e4 c5 2. Nf3 e6 3. c4 Nc6 4. Nc3 e5 5. Be2 d6 6. h3 g6 7. d3 Bg7 8. a3 a5 9. 0-0 Nge7 10. Bd2 0-0 11. Nd5 Bd7 12. b4 axb4 13. axb4 Nxd5 14. cxd5 Rxa1 15. Qxa1 Nxb4 16. Bxb4 cxb4 17. Qb2 Qb6 18. Rb1 Rc8 19. Nd2 Qc5 20. Nc4 b5 21. Ne3 Bh6 22. Nd1 Qc2 23. Kf1 Bd2 24. Qxc2 Rxc2 25. Rb2 Rxb2 26. Nxb2 b3 27. Nd1 b4 28. d4 exd4 29. Bc4 Kg7 30. f3 Kf6 31. Bxb3 Bb5+ 32. Kf2 Bc3 33. f4 g5 34. g3 h5 35. Kf3 g4+ 36. hxg4 hxg4+ 37. Kf2 Bd3 38. e5+ dxe5 39. d6 e4 40. f5 e3+ 41. Nxe3 dxe3+ 42. Kxe3 Bxf5 43. Ba4 0-1

[Event "Wch U18 Girls"]
[Site "Kemer"]
[Date "2007.11.22"]
[Round "6"]
[White "Fuchs, Judith"]
[Black "Boyarchenko, Marie"]
[Result "1-0"]
[WhiteElo "2140"]
[BlackElo "1794"]
[PlyCount "75"]
[EventDate "2007.11.18"]
[EventType "swiss"]
[EventRounds "11"]
[EventCountry "TUR"]
[SourceTitle "CBM 121 Extra"]
[Source "ChessBase"]
[SourceDate "2008.01.10"]
[SourceVersion "1"]
[SourceVersionDate "2008.01.10"]
[SourceQuality "1"]

1. e4 c5 2. Nf3 e6 3. d4 cxd4 4. Nxd4 a6 5. Nc3 Qc7 6. Bd3 Nf6 7. 0-0 Be7 8. Kh1 0-0 9. f4 d6 10. f5 e5 11. Nde2 Nbd7 12. Bg5 h6 13. Be3 b5 14. a3 Bb7 15. Ng3 Nb6 16. Nh5 d5 17. Nxf6+ Bxf6 18. Bxb6 Qxb6 19. exd5 Rfd8 20. Be4 Rac8 21. Qf3 Rc4 22. Ne2 a5 23. Rfd1 b4 24. Ng3 Rd6 25. axb4 Qxb4 26. c3 Qb6 27. b3 Rc7 28. c4 g6 29. Qc3 Bxd5 30. Rxd5 Rxd5 31. Bxd5 e4 32. Qxa5 Qd4 33. Rf1 Ra7 34. Qb5 Kg7 35. fxg6 Ra1 36. Qe8 Rxf1+ 37. Nxf1 Kxg6 38. Qxe4+ 1-0